|
|
|
|
| LEADER |
01315ncm a2200289 i 4500 |
| 001 |
000368774 |
| 003 |
CZ BrMZK |
| 005 |
20251030135511.0 |
| 007 |
qu |
| 008 |
010907s1933 xr l f cze |
| 015 |
|
|
|a cnb003096381
|
| 040 |
|
|
|a BOA001
|b cze
|e rda
|
| 100 |
1 |
|
|a Cmíral, Adolf,
|d 1882-1963
|7 jk01020789
|4 aut
|4 cmp
|
| 245 |
1 |
0 |
|a Jaro :
|b škola zpěvu pro mládež středních škol.
|n Díl II. : vydání pro žáky (podle nových úředních osnov) /
|c Adolf Cmíral ; s obrázky Mikuláše Alše, M. Švabinského, V. Strettiho a sedmi podobiznami
|
| 250 |
|
|
|a Třetí, rozhojněné a přepracované vydání
|
| 264 |
|
1 |
|a V Praze :
|b Hudební matice Umělecké besedy,
|c 1933
|
| 300 |
|
|
|a 164 stran :
|b ilustrace, portréty ;
|c 23 cm
|
| 336 |
|
|
|a zápis hudby
|b ntm
|2 rdacontent
|
| 337 |
|
|
|a bez média
|b n
|2 rdamedia
|
| 338 |
|
|
|a svazek
|b nc
|2 rdacarrier
|
| 700 |
1 |
|
|a Aleš, Mikoláš,
|d 1852-1913
|7 jk01010178
|4 ill
|
| 700 |
1 |
|
|a Švabinský, Max,
|d 1873-1962
|7 jk01131787
|4 ill
|
| 700 |
1 |
|
|a Stretti, Viktor,
|d 1878-1957
|7 jk01121417
|4 ill
|
| 910 |
|
|
|a BOA001
|b 2-0163.896,2
|b 2-0149.344
|
| 990 |
|
|
|a MU
|
| 996 |
7 |
|
|b 2619828886
|c 2-0163.896,2
|l MZK
|r Sklad / do 24 hodin
|n 5
|w 000368774
|u 000010
|a 1
|e BOA001
|j MZK50
|s A
|
| 996 |
6 |
|
|b BC-2607300
|c 2-0149.344
|l MZK
|r Sklad / do 24 hodin
|n 0
|w 000368774
|u 000020
|a 1
|e BOA001
|j MZK50
|s P
|